000 00503nam a2200193 4500
003 DO-SdBNP
005 20180216112153.0
008 161129b1999 sp||||| |||| 00| 0 spa d
020 _a842163562X
040 _aBPMSU
_bspa
_cBPMSU
100 _aDoumerc, Beatriz
245 _aLa bruja Belinda /
_cBeatriz Doumerc
250 _a2 da. ed.
260 _aMadrid :
_bTrĂ­a 3 ,
_c1999
300 _a22 p. :
_bil. :
_c16 cm.
942 _2ddc
_cBK
945 _ainventariado, 2018 / dg
956 _adgarcia
999 _c12155
_d12155